[Event "SUR-ch"]
[Site "Paramaribo"]
[Date "2011.03.11"]
[Round "10"]
[White "Gajadin, Dewperkash"]
[Black "Naipal, Ekaterina"]
[Result "1-0"]
[WhiteElo "2200"]
[BlackElo "1806"]
[PlyCount "61"]
[EventDate "2011.02.18"]
[EventType "tourn"]
[EventRounds "13"]
[EventCountry "SUR"]
[SourceTitle "EXT 2013"]
[Source "ChessBase"]
[SourceDate "2012.11.22"]
[SourceVersion "1"]
[SourceVersionDate "2012.11.22"]
[SourceQuality "1"]

1. e4 c5 2. c3 d5 3. exd5 Qxd5 4. d4 Nc6 5. Nf3 Nf6 6. Be2 Bf5 7. c4 Qd6 8. d5 Ne5 9. Nc3 Nxf3+ 10. Bxf3 g6 11. 0-0 Bg7 12. Nb5 Qd8 13. Bf4 0-0 14. d6 Ne8 15. Bxb7 Nxd6 16. Nxd6 exd6 17. Bxa8 Qxa8 18. Qd2 Rb8 19. Qxd6 Rxb2 20. Rad1 Bd4 21. Rxd4 cxd4 22. Qxd4 Rxa2 23. Bh6 f6 24. Qxf6 Qb7 25. Qd8+ Kf7 26. Qf8+ Ke6 27. Re1+ Be4 28. h4 Qc6 29. Qf4 Kd7 30. Rxe4 Ra1+ 31. Kh2 1-0

[Event "SUR-ch"]
[Site "Paramaribo"]
[Date "2011.02.26"]
[Round "4"]
[White "Gajadin, Dewperkash"]
[Black "Hanoeman, Suradj"]
[Result "1/2-1/2"]
[WhiteElo "2200"]
[BlackElo "2000"]
[PlyCount "52"]
[EventDate "2011.02.18"]
[EventType "tourn"]
[EventRounds "13"]
[EventCountry "SUR"]
[SourceTitle "EXT 2013"]
[Source "ChessBase"]
[SourceDate "2012.11.22"]
[SourceVersion "1"]
[SourceVersionDate "2012.11.22"]
[SourceQuality "1"]

1. Nf3 d5 2. g3 Nf6 3. Bg2 e6 4. d4 c5 5. c3 Nc6 6. 0-0 Be7 7. Nbd2 cxd4 8. cxd4 Qb6 9. Nb1 0-0 10. Nc3 Rd8 11. Na4 Qc7 12. Bf4 Bd6 13. Bg5 b5 14. Nc3 Qb6 15. Rc1 Bb7 16. a3 Be7 17. Qd3 Ne4 18. Bxe7 Nxe7 19. Ne5 f6 20. Nf3 Nd6 21. b3 Ng6 22. Rfd1 Re8 23. Nd2 Rad8 24. e4 b4 25. axb4 dxe4 26. Ncxe4 Nf5 1/2-1/2